<?xml version="1.0" encoding="UTF-8"?>
<marc:record xmlns:marc="http://www.loc.gov/MARC21/slim">
   <marc:leader>00000nam a2200000 a 4500</marc:leader>
   <marc:datafield ind1="1" ind2=" " tag="100">
      <marc:subfield code="a">Matysiak, Mascha</marc:subfield>
      <marc:subfield code="4">aut</marc:subfield>
      <marc:subfield code="e">Verfasser/-in</marc:subfield>
   </marc:datafield>
   <marc:datafield ind1="0" ind2="0" tag="245">
      <marc:subfield code="a">Nikki King</marc:subfield>
   </marc:datafield>
   <marc:datafield ind1="0" ind2="0" tag="245">
      <marc:subfield code="c">Matysiak, Mascha</marc:subfield>
   </marc:datafield>
   <marc:datafield ind1=" " ind2="1" tag="264">
      <marc:subfield code="a">Hamburg</marc:subfield>
      <marc:subfield code="b">Carlsen</marc:subfield>
      <marc:subfield code="c">2025</marc:subfield>
   </marc:datafield>
   <marc:datafield ind1="1" ind2=" " tag="490">
      <marc:subfield code="a">Einfach lesen lernen</marc:subfield>
   </marc:datafield>
   <marc:datafield ind1="1" ind2=" " tag="520">
      <marc:subfield code="a">Nikki kann sich in eine Füchsin verwandeln! Ähnlich wie ihr Freund Jaro, der zur Krähe wird und mit Nikki heimlich tierische Ausflüge unternimmt. Aber gibt es vielleicht noch mehr Tierwandler wie sie? Eine geheimnisvolle Einladung zum »Schattenweg-Zirkel« weckt ihre Neugier, auch wenn ihnen die alte Villa nachts unheimlich ist. Aber gegen den Museumsraub, der sich am Folgetag ankündigt, war das nächtliche Treffen ein Klacks! Jetzt sind Mut und ihre Wandlerfähigkeiten gefragt, wenn sie gemeinsam den Diebstahl verhindern wollen.&#xD;
 2. Lesestufe: Kurze Sätze, große Schrift</marc:subfield>
   </marc:datafield>
   <marc:datafield ind1=" " ind2=" " tag="020">
      <marc:subfield code="a">9783551691064</marc:subfield>
      <marc:subfield code="9">9783551691064</marc:subfield>
   </marc:datafield>
   <marc:datafield ind1=" " ind2=" " tag="020">
      <marc:subfield code="a">3551691061</marc:subfield>
      <marc:subfield code="9">3551691061</marc:subfield>
   </marc:datafield>
   <marc:datafield ind1=" " ind2=" " tag="041">
      <marc:subfield code="a">ger</marc:subfield>
   </marc:datafield>
   <marc:datafield ind1=" " ind2=" " tag="300">
      <marc:subfield code="a">56 Seiten</marc:subfield>
   </marc:datafield>
</marc:record>
